লোডিং...

Virology

গ্রন্থ-পঞ্জীর বিবরন
অন্যান্য লেখক: Hrist, K, George (Editor), Luria, E, S (Editor)
ভাষা:English
LEADER 00231nam a2200097Ia 4500
008 210227s9999||||xx |||||||||||||| ||eng||
245 0 |a Virology 
700 |a Hrist, K, George  |e editor 
700 |a Luria, E, S  |e editor 
942 |c BK 
999 |c 357439  |d 357439